Movies with Smiley Faces #3 (Heist movies) Quiz Stats

 Plays Quiz not verified by Sporcle

Support Sporcle.
Go Orange.
Score 0/21 Timer 07:00
0 Plays Today
% Correct
Oceans 11
97.1%
The Usual Suspects
94.3%
Three Kings
85.7%
Reservoir Dogs
82.9%
Baby Driver
77.1%
The Italian Job
77.1%
Heat
71.4%
Point Break
68.6%
Inside Man
65.7%
Lock, Stock and Two Smoking Barrels
65.7%
The Thomas Crown Affair
62.9%
% Correct
A Fish Called Wanda
60%
The Town
54.3%
Dog Day Afternoon
48.6%
Taking of Pelham 123
45.7%
Logan Lucky
45.7%
Out of Sight
37.1%
Ronin
37.1%
Den of Thieves
22.9%
The Score
22.9%
Bank Job
14.3%

You're not logged in!

Compare scores with friends on all Sporcle quizzes.
OR
Log In

From the Vault

Matching Books

by wiggytitch

If only writing a novel were this easy.
Remove Ads.
Support Sporcle.
Get the best of Sporcle when you Go Orange. This ad-free experience offers more features, more stats, and more fun while also helping to support Sporcle. Thank you for becoming a member.

Show Comments

Extras

Created Feb 21, 2020ReportNominate
Tags:Movie Titles Quiz

Top Quizzes Today


Score Distribution

Your Account Isn't Verified!

In order to create a playlist on Sporcle, you need to verify the email address you used during registration. Go to your Sporcle Settings to finish the process.

Report this User

Report this user for behavior that violates our Community Guidelines.

Details: